| 000 | 00388nam a22001457a 4500 | ||
|---|---|---|---|
| 020 | _a9789332543539 | ||
| 040 | _cNUST | ||
| 082 | _a621.3815 KOT | ||
| 100 |
_aKothari, D. P. _974459 |
||
| 110 |
_aDhillon, J. S. _9112557 |
||
| 245 | _aDigital Circuits and Design | ||
| 260 |
_aNew Dehli: _bPearson Education, _c2016. |
||
| 650 |
_aDigital Circuits and Design _9112558 |
||
| 942 |
_2ddc _cBK |
||
| 999 |
_c594838 _d594838 |
||